Vorstellung der Archivgemeinschaft Molfsee, des Gemeindearchivs Kronshagen und des Amtsarchivs Nortorfer Land auf dem 23. Schleswig-Holsteinischen Archivtag 4. und 5. April 2011

Titel: Vorstellung der Archivgemeinschaft Molfsee, des Gemeindearchivs Kronshagen und des Amtsarchivs Nortorfer Land auf dem 23. Schleswig-Holsteinischen Archivtag 4. und 5. April 2011
Verfasser:
In: Verband Schleswig-Holsteinischer Kommunalarchivarinnen und -Archivare: Mitteilungen, (2011), Seite 71-74
alle Artikel anzeigen
Veröffentlicht: 2011
Format: Aufsatz
Kein Bild verfügbar
X
alg: 44201519
001A    $03036:30-01-19 
001B    $01999:30-01-19 $t22:58:55.000 
001D    $03036:30-01-19 
001U    $0utf8 
001X    $00 
002@    $0Aox    
003@    $0442015194 
007A    $0442015194 $aHEB 
007T    $0ArchMa19240 
011@    $a2011 
021A    $aVorstellung der Archivgemeinschaft Molfsee, des Gemeindearchivs Kronshagen und des Amtsarchivs Nortorfer Land auf dem 23. Schleswig-Holsteinischen Archivtag 4. und 5. April 2011 
028A    $aHinrichsen $dUte 
031A    $h71-74 $j2011 
039B    $aIn $8--Abvc--Verband Schleswig-Holsteinischer Kommunalarchivarinnen und -Archivare [Tb1]. Mitteilungen. - Kiel : VKA, 2000-2011 $x201100000000000929 $9094034893 

lok: 44201519 105

exp: 44201519 105 1 #EPN
201B/01 $030-01-19 $t15:20:32.000 
201C/01 $030-01-19 
201U/01 $0utf8 
203@/01 $0104239525X 
208@/01 $a13-12-18 $be 
209A/01 $a/ $f106 $x00 
245Z/01 $a3.17.02. $bArchivwesen des Bundes- und der deutschen Bundesländer / Schleswig-Holstein / Archive und Archivbestände $x01 
247C/01 $8->Marburg, Bibliographie zum Archivwesen der Archivschule Marburg $939588196X
LEADER 00000caa a22000002c 4500
001 442015194
003 DE-603
005 20190130225855.0
007 tu
008 190130s2011 xx |||| | u00||u|und c
035 |a (DE-599)HEB442015194 
040 |a DE-603  |b ger  |c DE-603  |d DE-603 
100 1 |a Hinrichsen, Ute 
245 0 0 |a Vorstellung der Archivgemeinschaft Molfsee, des Gemeindearchivs Kronshagen und des Amtsarchivs Nortorfer Land auf dem 23. Schleswig-Holsteinischen Archivtag 4. und 5. April 2011 
264 0 |c 2011 
773 0 8 |i In  |a Verband Schleswig-Holsteinischer Kommunalarchivarinnen und -Archivare  |t Mitteilungen  |d Kiel : VKA, 2000-2011  |g (2011), Seite 71-74  |w (DE-603)094034893  |w (DE-600)2026933-X 
924 0 |9 -  |a (DE-603)104239525X  |b DE-  |c HES  |d d  |g /